Biggest Cruise Lines by Fleet Size - Statistics

General Stats
  • This quiz has been taken 136 times
  • The average score is 7 of 12
Answer Stats
# of Ships Cruise Line % Correct
26 Royal Caribbean International
95%
27 Carnival Cruise Line
91%
17 Norwegian Cruise Line
78%
14 Celebrity Cruises
71%
18 Princess Cruises
70%
14 Holland America Line
61%
17 MSC Cruises
60%
14 Costa Cruises
57%
82 Viking Cruises
39%
14 AIDA Cruises
29%
14 Hurtigruten
11%
15 Lindblad Expeditions
3%
No matching quizzes found
Score Distribution
Percent of People with Each Score
Percentile by Number Answered
Your Score History
You have not taken this quiz